000 00475nam a2200169 a 4500
005 20140412111232.0
008 010522s19uu xx 00 eng d
020 _a0-590-41881-5
050 _aTR(PS E
_bLi72 1986
100 _aSchmidt, Karen
245 _aLittle red riding hood /
_cpictures by Karen Schmidt.
260 _aNew York :
_bScholastic Inc,
_c1986.
300 _a1v. (unp.) ; ill.
650 _aChildren's stories
650 _aWolf-Stories
999 _c102224
_d102224